A dose of plain speaking (Record no. 71057)
[ view plain ]
| 000 -LEADER | |
|---|---|
| fixed length control field | 01135cam a2200253 4500 |
| 001 - CONTROL NUMBER | |
| control field | ABS65787 |
| 008 - FIXED-LENGTH DATA ELEMENTS--GENERAL INFORMATION | |
| fixed length control field | 020902n2002 000 0 eng u |
| 035 ## - SYSTEM CONTROL NUMBER | |
| System control number | (Sirsi) u119528 |
| 100 ## - MAIN ENTRY--PERSONAL NAME | |
| Personal name | Pickering, D. |
| 245 #2 - TITLE STATEMENT | |
| Title | A dose of plain speaking |
| 260 ## - PUBLICATION, DISTRIBUTION, ETC. | |
| Date of publication, distribution, etc. | 2002 |
| 490 ## - SERIES STATEMENT | |
| Series statement | Estates Gazette |
| Volume/sequential designation | (0233) 10 August 2002, 63(1) |
| 520 ## - SUMMARY, ETC. | |
| Summary, etc. | Looks at the RICS's 'Common auction conditions' which plans to clarify the property auction process and further enhance the key role of auctioneers in providing liquidity to the market. If the conditions are adopted widely, terms will be similar at auctions run in different parts of the country by different auctioneers. The publication uses clear and plain English and is available online. RICS intends to review the conditions regularly. |
| 590 ## - LOCAL NOTE (RLIN) | |
| Local note | ABS |
| 650 ## - SUBJECT ADDED ENTRY--TOPICAL TERM | |
| Topical term or geographic name entry element | RICS COMMON AUCTION CONDITIONS FOR AUCTIONS OF REAL ESTATE IN ENGLAND AND WALES |
| 650 ## - SUBJECT ADDED ENTRY--TOPICAL TERM | |
| Topical term or geographic name entry element | ABOUT RICS |
| 650 ## - SUBJECT ADDED ENTRY--TOPICAL TERM | |
| Topical term or geographic name entry element | Auctioneering |
| 9 (RLIN) | 6218 |
| 650 ## - SUBJECT ADDED ENTRY--TOPICAL TERM | |
| Topical term or geographic name entry element | AUCTIONEER GUIDELINES |
| 650 ## - SUBJECT ADDED ENTRY--TOPICAL TERM | |
| Topical term or geographic name entry element | ONLINE INFORMATION |
| 650 ## - SUBJECT ADDED ENTRY--TOPICAL TERM | |
| Topical term or geographic name entry element | PLAIN ENGLISH |
| 690 ## - LOCAL SUBJECT ADDED ENTRY--TOPICAL TERM (OCLC, RLIN) | |
| Topical term or geographic name as entry element | Auctioneering |
| 9 (RLIN) | 6218 |
| 700 ## - ADDED ENTRY--PERSONAL NAME | |
| Personal name | Redman, N. |
| 942 ## - ADDED ENTRY ELEMENTS (KOHA) | |
| Suppress in OPAC | 0 |
| Withdrawn status | Lost status | Source of classification or shelving scheme | Damaged status | Not for loan | Home library | Current library | Shelving location | Date acquired | Total Checkouts | Full call number | Barcode | Date last seen | Copy number | Price effective from | Koha item type |
|---|---|---|---|---|---|---|---|---|---|---|---|---|---|---|---|
| Dewey Decimal Classification | London | London | Journal article | 02/09/2002 | ABS65787 | 119528-1001 | 06/08/2019 | 1 | 06/08/2019 | Journal article |